|
|
|
|
| LEADER |
00000cam a2200000 7i4500 |
| 001 |
0000023921 |
| 005 |
20021119093000.0 |
| 008 |
021119n |
| 020 |
|
|
|a 0131319620
|
| 090 |
0 |
0 |
|a P106
|b .L534 1987
|
| 100 |
0 |
|
|a Lindfors, Judith Wells ,
|e author
|
| 245 |
0 |
0 |
|a Children's language and learning
|c Judith Wells Lindfors
|
| 250 |
|
|
|a 2nd ed.
|
| 260 |
2 |
|
|a Boston, Mass. :
|b Allyn and Bacon ,
|c c1987
|
| 300 |
|
|
|a xiii, 497 p. ; ;
|c 24 cm.
|
| 501 |
|
|
|a Includes index
|
| 504 |
|
|
|a Bibliography : p. 475-486
|
| 650 |
|
0 |
|a Communicative competence
|
| 650 |
|
0 |
|a Language acquisition
|
| 650 |
|
0 |
|a Language and languages
|
| 650 |
|
0 |
|a Language and languages
|x Variation
|
| 650 |
|
0 |
|a Learning, Psychology of
|
| 999 |
|
|
|a 1000031463
|b Book
|c OPEN SHELF (30 DAYS)
|e Gong Badak Campus
|